Logo BPK

Biblioteka

Politechniki Koszalińskiej

Rock movers and shakers / (Rekord nr 41359)

Szczegóły MARC
000 -ETYKIETA REKORDU
podpole kontrolne o stałej długości 00611nam a2200205 i 4500
001 - NUMER KONTROLNY REKORDU
pole kontrolne bgj
020 ## - MIĘDZYNARODOWY ZNORMALIZOWANY NUMER KSIĄŻKI - ISBN
ISBN 0823076083 (pbk)
040 ## - ŹRÓDŁO KATALOGOWANIA
Instytucja, która utworzyła rekord BPK
041 0# - KOD JĘZYKA
Kod języka tekstu eng
920 ## - Międzynarodowy znormalizowany numer książki – ISBN
ISBN 0-8230-7608-3 (pbk)
008 - POLE O STAŁEJ DŁUGOŚCI - DANE KONTROLNE
podpole kontrolne o stałej długości s uk f |000 0 eng
245 00 - TYTUŁ/ODPOWIEDZIALNOŚĆ
Tytuł Rock movers and shakers /
Pozostałe elementy strefy tytułu i oznaczenia odpowiedzialności edited by Barry Lazell with Dafydd Rees & Luke Crampton.
260 ## - STREFA ADRESU WYDAWNICZEGO
Miejsce wydania New York :
Nazwa wydawcy/dystrybutora Billboard Publication, Inc.,
Data publikacji, dystrybucji/powstania dokumentu 1989.
300 ## - STREFA OPISU FIZYCZNEGO
Objętość 560 pp :
Inne cechy fizyczne photos ;
Rozmiary 24 cm.
650 #9 - HASŁO PRZEDMIOTOWE W FORMIE NAZWY OGÓLNEJ LUB JEDNOSTKOWEJ
Nazwa ogólna lub geograficzna Rock musicians
Określnik ogólny Biographies
700 1# - HASŁO DODATKOWE - NAZWA OSOBOWA
Nazwa osobowa LAZELL, Barry.
Określenie związku między hasłem a opisywanym materiałem ed.
700 1# - HASŁO DODATKOWE - NAZWA OSOBOWA
Nazwa osobowa REES, Dafydd.
Określenie związku między hasłem a opisywanym materiałem ed.
700 1# - HASŁO DODATKOWE - NAZWA OSOBOWA
Nazwa osobowa CRAMPTON, Luke.
Określenie związku między hasłem a opisywanym materiałem ed.
856 ## - LOKALIZACJA I DOSTĘP DO ELEKTRONICZNYCH DOKUMENTÓW ZDALNYCH
Link (URL) http://koha.tu.koszalin.pl/cgi-bin/koha/opac-detail.pl?biblionumber=41359
Tekst linku Katalog online BPK
942 ## - DODATKOWE ELEMENTY (KOHA)
Typ dokumentu Książka
Egzemplarze
Wycofany Status egzemplarza Uszkodzony Dostępność Lokalizacja stała Lokalizacja bieżąca Numer ubytku Sygnatura Kod kreskowy Typ dokumentu Miejsce przechowywania
  Egz. niedostępny   Niedostępny Biblioteka Politechniki Koszalińskiej Biblioteka Politechniki Koszalińskiej p.ew. KA 2156 ka 2156 Książka  
      Dostępny Biblioteka Politechniki Koszalińskiej Biblioteka Politechniki Koszalińskiej   KA 2157 09039032 Książka Wypożyczalnia Językowa
© 2023 Biblioteka Politechniki Koszalińskiej :: KOHA